| 000 | 01042nam a2200325 a 4500 | ||
|---|---|---|---|
| 001 | 000109744 | ||
| 003 | CHAP | ||
| 005 | 20220329144102.0 | ||
| 008 | 140523s2011 mx a |rm |0|||||spa|d | ||
| 010 | _a106206 | ||
| 011 | _a107178 | ||
| 040 | _cCHAP | ||
| 090 | _aTesis | ||
| 100 | 1 |
_aSolano Hernández, Maura _9127006 |
|
| 245 | 1 | 0 |
_aDiagnóstico fitosanitario y nutrimental en una plantación de aguacate hass / _cpor Maura Solano Hernández. |
| 260 |
_aCocula, Gro. : _bEl autor, _c2011. |
||
| 300 |
_axiii, 98 h. : _bil. |
||
| 502 | _aTesis (Ing. Agr. Fitotecnista) -- CSAEGRO | ||
| 590 |
_aE792CSJ _b05 _c20140523 _lUCH01 _h1100 |
||
| 590 |
_aE792CSJ _b05 _c20140523 _lUCH01 _h1136 |
||
| 590 |
_aE792CSJ _b05 _c20140523 _lUCH01 _h1136 |
||
| 650 | 1 | 4 |
_aAguacate _xEnfermedades por hongos. _92511 |
| 650 | 1 | 4 |
_aAguacate _xNutrición. _92542 |
| 650 | 1 | 4 |
_aManejo integrado de enfermedades. _970364 |
| 650 | 1 | 4 |
_aSuelos _xFísica de. _9110373 |
| 650 | 1 | 4 |
_aSuelos _xQuímica de. _9110470 |
| 901 | _aBK | ||
| 942 | _cTESIS | ||
| 942 | _n0 | ||
| 999 |
_c106206 _d106206 |
||